عرض عادي عرض مارك
  • Musculoskeletal system

مدخل مصطلح موضوعي

عدد التسجيلات المستخدمة في: 3

001 - رقم الضبط

  • حقل الضبط: 11331

003 - معرف رقم الضبط

  • حقل الضبط: OSt

005 - تاريخ ووقت أخر عملية

  • حقل الضبط: 20120418042015.0

008 - عناصر بيانات ثابتة الطول

  • حقل تحكم ثابت الطول: 120418|||a|||||| | ||| d

040 ## - مصدر الفهرسة

  • هيئة الفهرسة الأصلية: OSt
  • وكالة الكتابة: OSt

150 ## - مدخل-- مصطلح تاريخي

  • عنصر مدخل المصطلح الموضوعي او الاسم الجغرافي: Musculoskeletal system
  • تفريع عام: Diseases
  • تفريع عام: Diagnosis
  • تفريع شكلي: Handbooks, manuals, etc.

670 ## - بيانات المصدر موجوده

  • الاستشهاد بالمصدر: Work cat.: (OSt)23524: Reiser, Maximilian. 11329, Musculoskeletal imaging /, c2008.